[Event "HZ Open"]
[Site "Vlissingen NED"]
[Date "2007.08.10"]
[Round "8"]
[White "Ikonnikov,Vy"]
[Black "Van der Heijden,Al"]
[Result "1-0"]
[WhiteElo "2558"]
[BlackElo "2215"]

1.d4 Nf6 2.c4 e6 3.Nf3 Bb4+ 4.Bd2 Qe7 5.g3 b6 6.Bg2 Bb7 7.O-O Bxd2 8.Nbxd2 O-O
9.Qc2 d5 10.cxd5 exd5 11.Rac1 Na6 12.Rfe1 c5 13.dxc5 Nxc5 14.Nd4 g6 15.N2f3 a5
16.a3 a4 17.Qd2 Nfe4 18.Qf4 Qf6 19.Qxf6 Nxf6 20.Ne5 Rfe8 21.Nec6 Bxc6 22.Nxc6 Re6
23.Nd4 Re5 24.Red1 Rc8 25.e3 Re7 26.Bh3 Rcc7 27.Nb5 Rc6 28.Rc2 Re4 29.Rd4 Kf8
30.Bg2 Ree6 31.Bxd5 Nxd5 32.Rxd5 Re4 33.Rd4 Re5 34.Rcc4 Rf6 35.Nc3 Ne6 36.Rd5 Ng5
37.Kg2 Rxd5 38.Nxd5 Rd6 39.Nc3 Rd2 40.Rb4  1-0

[Event "LNA Copa Puma"]
[Site "Argentina ARG"]
[Date "2007.08.11"]
[Round "1"]
[White "Mayorga,N"]
[Black "Lopez,Di"]
[Result "0-1"]
[WhiteElo "2260"]
[BlackElo "2114"]

1.d4 Nf6 2.c4 e6 3.Nf3 Bb4+ 4.Bd2 Qe7 5.g3 Nc6 6.Bg2 Bxd2+ 7.Nbxd2 d6 8.O-O O-O
9.e4 e5 10.d5 Nb8 11.Ne1 a5 12.Nd3 Na6 13.a3 Bg4 14.f3 Bd7 15.b4 c6 16.bxa5 cxd5
17.exd5 Bf5 18.Qe2 Bxd3 19.Qxd3 Nc5 20.Qc3 Qc7 21.f4 Nfd7 22.Nf3 exf4 23.gxf4 Qxa5
24.Qc2 Qa4 25.Qc3 Qb3 26.Rfc1 Qxc3 27.Rxc3 Ne4 28.Re3 Ndc5 29.Nd4 Nd2 30.Rc1 Ra4
31.Rec3 Re8 32.Nb5 Nde4 33.Re3 f5 34.Bf1 Kf7 35.Rb1 Rd8 36.Rb2 Kf6 37.Rc2 h6
38.Bg2 Rc8 39.h4 g5 40.hxg5+ hxg5 41.fxg5+ Kxg5 42.Rc1 Kf4 43.Rf3+ Ke5 44.Rh3 Rg8
45.Kh2 Rg4 46.Rh6 Ra8 47.Bxe4 Nxe4 48.Re6+ Kf4 49.Rh6 Rag8 50.Rc2 Ng5 51.Nd4 Ke4
52.Ne2 Kd3 53.Rb2 Nf3+ 54.Kh3 Nd2 55.Nc1+ Ke3 56.Rxd2 Kxd2 57.Nb3+ Kc3 58.Na5 R8g7
59.Rh5 f4 60.Rh6 Rg3+  0-1

[Event "FSIMB August"]
[Site "Budapest HUN"]
[Date "2007.08.12"]
[Round "7"]
[White "Balog,M"]
[Black "Gauri,S"]
[Result "1/2-1/2"]
[WhiteElo "2262"]
[BlackElo "2177"]

1.d4 Nf6 2.c4 e6 3.Nf3 Bb4+ 4.Bd2 Qe7 5.g3 Nc6 6.Nc3 Bxc3 7.Bxc3 Ne4 8.Rc1 d6
9.Bg2 Nxc3 10.Rxc3 e5 11.d5 Nb8 12.O-O a5 13.c5 O-O 14.cxd6 cxd6 15.Nd2 b5
16.a4 Bd7 17.axb5 Bxb5 18.Re1 a4 19.Nc4 Nd7 20.Na3 Rfb8 21.Qc2 Qd8 22.b4 axb3
23.Rxb3 Ba4 24.Rxb8 Qxb8 25.Qc3 Bb3 26.Nb1 Nc5 27.Nd2 Ra4 28.Rb1 Rb4 29.Ne4 Nxe4
30.Bxe4 Rb7 31.h4 g6 32.h5 Bxd5 33.Rxb7 Qxb7 34.Bxd5 Qxd5  1/2-1/2

[Event "Open"]
[Site "Kavala GRE"]
[Date "2007.08.12"]
[Round "9"]
[White "Petkov,V"]
[Black "Shavtvaladze,N"]
[Result "1-0"]
[WhiteElo "2520"]
[BlackElo "2386"]

1.d4 Nf6 2.c4 e6 3.Nf3 Bb4+ 4.Bd2 c5 5.Bxb4 cxb4 6.e3 O-O 7.Bd3 d6 8.O-O Nc6
9.d5 exd5 10.cxd5 Ne7 11.e4 Ng6 12.Re1 Nd7 13.Nbd2 Nc5 14.Bf1 Bg4 15.h3 Bxf3
16.Nxf3 Ne5 17.Nd4 Qb6 18.Re3 Rfe8 19.Qd2 Ned7 20.Rae1 Nf6 21.f3 g6 22.Kh2 Re5
23.g3 Rae8 24.Bg2 a5 25.b3 h5 26.h4 Qd8 27.R3e2 Kh7 28.Kh1 Qd7 29.Nc2 Qd8
30.Ne3 R5e7 31.Qd4 Nfd7 32.Nc4 Ne5 33.Nxe5 Rxe5 34.f4 R5e7 35.e5 f6 36.Re3 fxe5
37.fxe5 b6 38.e6 Rf8 39.Rf1 Rxf1+ 40.Bxf1 Qf8 41.Kg2 Rg7 42.Rf3 Qe7 43.Qf4 Kg8
44.Bb5 Qd8 45.Kh3 Qe7 46.Qe3 Qd8 47.Rf4 Qe7 48.Rf2 Qd8 49.g4 hxg4+ 50.Kxg4 Qe7
51.Rf3 Qb7 52.Qg5 Kh7 53.Re3 Qe7 54.Qxe7 Rxe7 55.Kg5 Kg7 56.Bd3 Nxd3 57.Rxd3 Rc7
58.Rf3  1-0

[Event "FSIMB August"]
[Site "Budapest HUN"]
[Date "2007.08.14"]
[Round "9"]
[White "Cooke,E"]
[Black "Gauri,S"]
[Result "0-1"]
[WhiteElo "2213"]
[BlackElo "2177"]

1.d4 Nf6 2.c4 e6 3.Nf3 Bb4+ 4.Bd2 Qe7 5.a3 Bxd2+ 6.Nbxd2 d6 7.e4 e5 8.d5 a5
9.Bd3 O-O 10.O-O a4 11.Bc2 Bd7 12.Re1 Qe8 13.Nh4 Na6 14.Qf3 Qd8 15.Nf5 g6
16.Ne3 Nc5 17.g3 Nh5 18.Kh1 Qg5 19.Rg1 Kh8 20.Rad1 Rae8 21.g4 Nf4 22.Rg3 h5
23.gxh5 Qxh5 24.Qxh5+ Nxh5 25.Rgg1 Nf4 26.Nf3 Kg7 27.Ng2 Nh3 28.Rgf1 Bg4
29.Nge1 f5 30.exf5 e4 31.Nh4 Bxd1 32.Bxd1 gxf5 33.f4 Kf6  0-1

[Event "TCh-ESP CECLUB Norte Div 1"]
[Site "Sabadell ESP"]
[Date "2007.08.15"]
[Round "1"]
[White "Sanchez Criado,L"]
[Black "Beltran Rueda,S"]
[Result "0-1"]
[WhiteElo "2199"]
[BlackElo "2423"]

1.d4 Nf6 2.c4 e6 3.Nf3 Bb4+ 4.Bd2 Qe7 5.a3 Bxd2+ 6.Qxd2 O-O 7.Nc3 d6 8.e4 e5
9.dxe5 dxe5 10.Nd5 Qd8 11.Qg5 Nbd7 12.Rd1 c6 13.Nxf6+ Qxf6 14.Qe3 Re8 15.Be2 Nf8
16.O-O Bg4 17.c5 Bxf3 18.Qxf3 Qxf3 19.Bxf3 Ne6 20.b4 Nd4 21.Bg4 g6 22.f4 Rad8
23.fxe5 Rxe5 24.Bf3 Re7 25.Rd3 Red7 26.Bg4 Ne2+ 27.Bxe2 Rxd3 28.Bxd3 Rxd3
29.Rf3 Rd2 30.Rf2 Rd1+ 31.Rf1 Rd4 32.Re1 Rd3 33.Ra1 Re3 34.Kf2 Rxe4 35.Rd1 Re7
36.Rd6 f5 37.h4 Kf7 38.g3 Ke8 39.Kf3 Rd7 40.Rxd7 Kxd7 41.Kf4 Ke6 42.Kg5 Kf7
43.Kh6 Kg8 44.h5 Kf7 45.Kg5 Kg7 46.h6+ Kf7  0-1

[Event "17th Chess Festival"]
[Site "Abu Dhabi UAE"]
[Date "2007.08.17"]
[Round "6"]
[White "Kekelidze,M"]
[Black "Moradiabadi,E"]
[Result "0-1"]
[WhiteElo "2445"]
[BlackElo "2540"]

1.d4 Nf6 2.c4 e6 3.Nf3 Bb4+ 4.Bd2 a5 5.g3 O-O 6.Bg2 d5 7.O-O dxc4 8.Bg5 b5
9.a4 bxa4 10.Ne5 Ra7 11.Nxc4 Ba6 12.Nba3 h6 13.Be3 Nd5 14.Qxa4 Nxe3 15.fxe3 c5
16.dxc5 Bxc5 17.Nb5 Rd7 18.Qxa5 Qg5 19.Kh1 Bxe3 20.Nbd6 Bd4 21.Rf4 Bxb2 22.Nxb2 Qxa5
23.Rxa5 Rxd6 24.Bf3 Bxe2 25.Bxe2 Rd2 26.Re4 Rxb2  0-1

[Event "Acropolis Open"]
[Site "Athens GRE"]
[Date "2007.08.17"]
[Round "4"]
[White "Grigoriadis,A"]
[Black "Mastrovasilis,A"]
[Result "1/2-1/2"]
[WhiteElo "2362"]
[BlackElo "2538"]

1.c4 e6 2.d4 Nf6 3.Nf3 Bb4+ 4.Bd2 c5 5.e3 O-O 6.Be2 b6 7.O-O Bb7 8.Nc3 cxd4
9.Nxd4 Be7 10.Rc1 Na6 11.Bf3 Qb8 12.Qe2 Nc5 13.Bxb7 Qxb7 14.Rfd1 Nce4 15.Be1 Rfc8
16.Nxe4 Qxe4 17.f3 Qe5 18.Bg3 Qg5 19.Bf4 Qc5 20.Nb3 Qf5 21.Bg3 Qg5 22.Bf4 Qg6
23.e4 Nh5 24.Be3 Rc7 25.Nd4 Bc5 26.Kh1 a6 27.e5 f5 28.f4 Qg3 29.Rd3 Qh4 30.Qf3 Rf8
31.Rg1 g6 32.b3 Kh8 33.Ne2 g5 34.Bxc5 bxc5 35.g3 Qg4 36.Qf1 Ng7 37.fxg5 Qxg5
38.Qf4 Qg6 39.Qh4 Qg4 40.Nf4 Kg8 41.Qh6 Ne8 42.h3 Qg7 43.Qxg7+ Nxg7 44.Rgd1 Rf7
45.Rd6 Ra7 46.Kg2 a5 47.a4 Kf8 48.R1d3 Ke7 49.Rb6 Rf8 50.Kf3 Rc8 51.Ke2 Ne8
52.Kd2 Nc7 53.Nh5 Na6 54.Nf6 Nb4 55.Re3 h6 56.Nh5 Nc6 57.Nf4 Nd4 58.Ne2 Nc6
59.Nc3 Raa8 60.Nb5 Rcb8 61.Rxb8 Rxb8 62.Ke2 Rg8 63.Kf3 h5 64.Kf4 h4 65.gxh4 Rh8
66.Kg5 Rg8+ 67.Kf4 Rh8 68.Kg5 Rg8+ 69.Kf4  1/2-1/2

[Event "Open A"]
[Site "Polanica Zdroj POL"]
[Date "2007.08.17"]
[Round "1"]
[White "Czarnota,D"]
[Black "Socko,M"]
[Result "0-1"]
[WhiteElo "2243"]
[BlackElo "2479"]

1.d4 Nf6 2.c4 e6 3.Nf3 Bb4+ 4.Bd2 c5 5.Bxb4 cxb4 6.e3 O-O 7.Be2 d6 8.O-O Nc6
9.Ne1 e5 10.d5 Ne7 11.Qb3 a5 12.Nd2 Nd7 13.Nd3 b6 14.a3 bxa3 15.Qxa3 Qc7
16.b4 Bb7 17.Rfc1 f5 18.e4 Nf6 19.Bf3 fxe4 20.Nxe4 Nf5 21.Nxf6+ gxf6 22.Rab1 Nd4
23.bxa5 Nxf3+ 24.gxf3 bxa5 25.Rb5 Kh8 26.Kf1 Bc8 27.c5 Ba6 28.cxd6 Qd7 29.Rb6 Qf5
30.Ke2 Rfe8 31.d7 Qxd7 32.Qd6 Bxd3+ 33.Kxd3 Qf5+ 34.Ke2 Rf8 35.Qe6 Qg6 36.Rc7 e4
37.fxe4 Rae8 38.Re7 Rxe7 39.Qxe7 Rf7 40.Qe8+ Kg7 41.d6 Qg4+ 42.Ke3 Qg5+ 43.Kd3 Qc1
44.Qb5 Qd1+ 45.Ke3 a4 46.Ra6 Qc1+ 47.Ke2 Qc2+ 48.Ke3 Qc1+ 49.Kd4 Qd2+ 50.Kc4 Qe2+
51.Kb4 Qxe4+ 52.Ka3 Qd4 53.Rxa4 Qxd6+ 54.Kb3 Qd1+ 55.Ka3 Rd7 56.Rb4 Qa1+
57.Kb3 Qb1+ 58.Ka3 Ra7+ 59.Ra4 Qxb5  0-1

[Event "TCh-ESP CECLUB Norte Div 1"]
[Site "Sabadell ESP"]
[Date "2007.08.17"]
[Round "4"]
[White "Almeida Quintana,O"]
[Black "Garza Marco,S"]
[Result "1/2-1/2"]
[WhiteElo "2501"]
[BlackElo "2392"]

1.d4 Nf6 2.Nf3 e6 3.c4 Bb4+ 4.Bd2 c5 5.Bxb4 cxb4 6.g3 O-O 7.Bg2 d6 8.O-O Re8
9.a3 Nc6 10.axb4 Nxb4 11.Nc3 Bd7 12.Qd2 a5 13.Rfd1 Qc7 14.b3 Rac8 15.e4 e5
16.Rac1 Qb8 17.Nh4 Nc6 18.dxe5 dxe5 19.Nb5 Bg4 20.f3 Red8 21.Qf2 Be6 22.Bf1 Rxd1
23.Rxd1 Rd8 24.Rxd8+ Qxd8 25.Ng2 Qd1 26.Qe3 a4 27.bxa4 Bxc4 28.Ne1 Bxf1 29.Kxf1 Qxa4
30.Qd3 h5 31.Nc2 Kh7 32.Nd6 Qa2 33.h4 Kg8 34.Nb5 g6 35.Nba3 Qb2 36.Nc4 Qb1+
37.Ne1 Qa2 38.Nd6 Nd4 39.Nc4 Qh2 40.Nxe5 Ne6 41.Nxg6 fxg6 42.e5 Ne8 43.Qxg6+ N8g7
44.Nd3 Qc2 45.Qe4 Qh2 46.Qg6 Nd4 47.Nf4 Nxf3 48.Nxh5 Qg1+ 49.Ke2 Qg2+ 50.Ke3 Qd2+
51.Kxf3 Qd1+ 52.Ke3 Qxh5 53.Qxh5 Nxh5 54.Kd4 Ng7  1/2-1/2

[Event "LNA Copa Puma"]
[Site "Argentina ARG"]
[Date "2007.08.18"]
[Round "2"]
[White "Liascovich,L"]
[Black "Garcia Palermo,C"]
[Result "1/2-1/2"]
[WhiteElo "2430"]
[BlackElo "2459"]

1.d4 e6 2.Nf3 Nf6 3.c4 Bb4+ 4.Bd2 Bxd2+ 5.Qxd2 d5 6.Nc3 O-O 7.e3 Qe7 8.Rc1 Nbd7
9.Bd3 b6 10.cxd5 exd5 11.O-O Bb7 12.Rfd1 c5 13.dxc5 bxc5 14.Na4 a5 15.Bf5 g6
16.Bxd7 Nxd7 17.Qc3 Rfc8 18.Qa3 Rab8 19.Nd2 Ba8 20.Nb3 d4 21.Nbxc5 Qg5 22.e4 Bxe4
23.Qg3 Qxg3 24.hxg3 Nxc5 25.Nxc5 Bb1 26.Rxb1 Rxc5 27.Rxd4 Rc2 28.Ra4 Rd8
29.Rxa5 Rdd2 30.Rf1 Rxb2 31.a4  1/2-1/2

[Event "LNA Copa Puma"]
[Site "Argentina ARG"]
[Date "2007.08.18"]
[Round "2"]
[White "Ruperez,M"]
[Black "Slipak,S"]
[Result "0-1"]
[WhiteElo "2093"]
[BlackElo "2435"]

1.d4 Nf6 2.c4 e6 3.Nf3 Bb4+ 4.Bd2 Qe7 5.g3 Nc6 6.Bg2 Bxd2+ 7.Nbxd2 d6 8.O-O a5
9.e4 e5 10.d5 Nb8 11.b3 O-O 12.Ne1 Na6 13.a3 Bd7 14.Nd3 c6 15.dxc6 bxc6 16.Re1 c5
17.f4 Nb8 18.b4 axb4 19.axb4 Nc6 20.bxc5 dxc5 21.Nf3 Bg4 22.Qd2 Bxf3 23.Bxf3 Rad8
24.Qc3 Rd4 25.Nf2 Rfd8 26.Rad1 h6 27.Rxd4 Nxd4 28.Kg2 Rb8 29.Bd1 Rb1 30.Ng4 exf4
31.gxf4 Nxe4 32.Bf3 Rxe1 33.Qxe1 Nxf3 34.Kxf3 Ng5+ 35.Kf2 Nh3+ 36.Kf1 Qxe1+
37.Kxe1 Nxf4 38.Kd2 f5 39.Ne5 g5 40.Ke3 Kg7  0-1

[Event "Independence Cup A"]
[Site "Kyiv UKR"]
[Date "2007.08.18"]
[Round "6"]
[White "Melnichuk,M"]
[Black "Kruglyakov,P"]
[Result "0-1"]
[WhiteElo "2216"]
[BlackElo "2336"]

1.d4 Nf6 2.Nf3 e6 3.c4 Bb4+ 4.Bd2 Qe7 5.g3 Nc6 6.Nc3 Bxc3 7.Bxc3 Ne4 8.Rc1 O-O
9.Bg2 d6 10.d5 Nxc3 11.Rxc3 Nb8 12.dxe6 fxe6 13.O-O Nd7 14.Nd4 c6 15.e4 g6
16.Nc2 e5 17.Qd2 Nf6 18.Rd3 Ne8 19.Ne3 Be6 20.f4 exf4 21.gxf4 Qh4 22.f5 Bf7
23.Rf3 Nf6 24.Rh3 Qf4 25.Rxd6 Nxe4 26.Bxe4 Qxe4 27.Qc3 Rad8 28.c5 Rxd6 29.cxd6 gxf5
30.d7 f4 31.Qc5 Rd8 32.Rg3+ Bg6 33.Ng4 Qe1+ 34.Kg2 Qe2+ 35.Kh3 fxg3 36.Nf6+ Kf7
37.Ng4 Rxd7 38.Qc4+ Qxc4  0-1

[Event "Acropolis Open"]
[Site "Athens GRE"]
[Date "2007.08.20"]
[Round "7"]
[White "Kanakaris,G"]
[Black "Khetsuriani,B"]
[Result "1-0"]
[WhiteElo "2216"]
[BlackElo "2367"]

1.d4 Nf6 2.c4 e6 3.Nf3 Bb4+ 4.Bd2 Bxd2+ 5.Nbxd2 O-O 6.e3 b6 7.Bd3 Bb7 8.O-O d6
9.e4 Nbd7 10.Qe2 e5 11.d5 a5 12.b3 Nc5 13.a3 Nxd3 14.Qxd3 Bc8 15.b4 Bd7 16.c5 Bg4
17.h3 Bxf3 18.Nxf3 bxc5 19.bxc5 Nd7 20.cxd6 cxd6 21.Rfc1 Nc5 22.Qe3 f6 23.Rab1 Rb8
24.Nd2 Qd7 25.Nc4 Rxb1 26.Rxb1 f5 27.Nxe5 dxe5 28.Qxc5 fxe4 29.Qxa5 Qf5 30.Qe1 e3
31.fxe3  1-0

[Event "Independence Cup A"]
[Site "Kyiv UKR"]
[Date "2007.08.20"]
[Round "8"]
[White "Melnichuk,M"]
[Black "Brozhik,V"]
[Result "1-0"]
[WhiteElo "2216"]
[BlackElo "2164"]

1.d4 Nf6 2.c4 e6 3.Nf3 Bb4+ 4.Bd2 c5 5.Bxb4 cxb4 6.g3 b6 7.Bg2 Bb7 8.O-O O-O
9.Nbd2 a5 10.Qc2 d6 11.a3 bxa3 12.bxa3 Nbd7 13.Rab1 Rc8 14.Rfc1 Ba6 15.Qb3 Rb8
16.a4 d5 17.e3 dxc4 18.Nxc4 Bxc4 19.Rxc4 Nd5 20.Rbc1 Nb4 21.Ne1 e5 22.Nc2 exd4
23.Nxb4 axb4 24.exd4 Qg5 25.Bc6 Nf6 26.Qxb4 Rfd8 27.Rb1 h5 28.h4 Qf5 29.Rb3 Ng4
30.Bf3 Nf6 31.Kg2 Nd7 32.Qb5 Qxb5 33.Rxb5 g6 34.Rc7 Rbc8 35.Rb7 Rb8 36.Rxb8 Rxb8
37.Bc6 Nf8 38.a5 Ne6 39.d5 Nc5 40.Rxb6 Rxb6 41.axb6 Kf8 42.d6 f6 43.Kf3 Kf7
44.b7 Na6 45.d7 Ke7 46.Bb5 Nb8 47.Ke4  1-0

[Event "Dato Arthur Tan Malaysian Op"]
[Site "Kuala Lumpur MAS"]
[Date "2007.08.21"]
[Round "4"]
[White "Crowdy,S"]
[Black "Ton That Nhu Tung"]
[Result "0-1"]
[WhiteElo "2030"]
[BlackElo "2247"]

1.d4 Nf6 2.c4 e6 3.Nf3 Bb4+ 4.Bd2 c5 5.e3 b6 6.Bd3 Bb7 7.O-O O-O 8.a3 Bxd2
9.Nbxd2 cxd4 10.Nxd4 d5 11.Rc1 Nbd7 12.cxd5 Ne5 13.N2f3 Nxd3 14.Qxd3 Qxd5
15.Qb3 Qh5 16.Qb5 Bd5 17.Qe2 Rac8 18.Nd2 Qg6 19.f3 Bb7 20.e4 Qg5 21.N2b3 Nh5
22.Qd2 Nf4 23.Rxc8 Rxc8 24.Kh1 e5 25.Nf5 Rd8 26.Qc2 Ba6 27.h4 Qf6 28.Qc7 Ne6
29.Qc1 Bxf1 30.Qxf1 g6 31.Ne3 Qxh4+ 32.Kg1 Nf4  0-1

[Event "Independence Cup A"]
[Site "Kyiv UKR"]
[Date "2007.08.21"]
[Round "9"]
[White "Bykov,Alexe1"]
[Black "Melnichuk,M"]
[Result "1-0"]
[WhiteElo "2250"]
[BlackElo "2216"]

1.d4 Nf6 2.Nf3 e6 3.c4 Bb4+ 4.Bd2 Qe7 5.g3 Nc6 6.Bg2 Bxd2+ 7.Nbxd2 d6 8.O-O e5
9.d5 Nb8 10.e4 a5 11.Ne1 O-O 12.Nd3 Na6 13.Qe2 c6 14.Rae1 Nb4 15.c5 dxc5
16.Nc4 cxd5 17.exd5 Nfxd5 18.a3 Nxd3 19.Qxd3 Nf6 20.Rxe5 Qc7 21.Qe3 Nd7 22.Re7 Ra7
23.Rd1 Qd8 24.Bh3 b5 25.Nd6 Nb6 26.Rxa7 Bxh3 27.Qxc5 Nc4 28.Qd4 Qb8 29.Nxc4 bxc4
30.Rxa5 Qb7 31.Rd5 Re8 32.f3 h6 33.Kf2 Qe7 34.Qd2 Qa7+ 35.Rd4 Bf5 36.Kg1 Kh7
37.Qf2 c3 38.bxc3 Qxa3 39.g4 Be6 40.Qc2+ g6 41.Rd8 Bb3 42.Qf2 Rxd8 43.Rxd8 Qc1+
44.Kg2 Qxc3 45.Qd4 Qxd4 46.Rxd4 g5 47.Kf2 Be6 48.Ke3 Kg7 49.Ke4 Bc8 50.Ke5 Kg6
51.Rd6+ Kg7 52.Rb6 Bd7 53.Ke4 Ba4 54.Ke3 Bc2 55.Kf2 Bd1 56.Kg3 Be2 57.Rd6 Kh7
58.Rd2 Bb5 59.h4 Bc6 60.Rd3 Kg7 61.Rc3 Bb7 62.Rc5 Kg6 63.Rb5 Ba8 64.Kf2 Kf6
65.Kg3 Kg6 66.f4 gxf4+ 67.Kxf4 Bg2 68.g5 Kh5 69.Kf5 Bf1 70.Rb6 Bd3+ 71.Kf6 hxg5
72.hxg5 Bc4 73.Rb8 Bd5 74.Rb5  1-0

[Event "Independence Cup A"]
[Site "Kyiv UKR"]
[Date "2007.08.21"]
[Round "9"]
[White "Shmat,S"]
[Black "Vdovichenko,V"]
[Result "1-0"]
[WhiteElo "2076"]
[BlackElo "2198"]

1.d4 Nf6 2.c4 e6 3.Nf3 Bb4+ 4.Bd2 Qe7 5.g3 Nc6 6.Bg2 Bxd2+ 7.Qxd2 Ne4 8.Qc2 Qb4+
9.Nc3 Nxc3 10.Qxc3 Qxc3+ 11.bxc3 d6 12.Nd2 Na5 13.Rb1 Rb8 14.e3 Ke7 15.Bf1 b6
16.Nb3 Ba6 17.c5 Bb7 18.cxd6+ cxd6 19.Rg1 Rhc8 20.Nxa5 bxa5 21.Kd2 Bd5 22.Bb5 Bxa2
23.Ra1 Rxb5 24.Rxa2 Kf6 25.Rga1 a4 26.Rxa4 Rb2+ 27.Kd3 Rxf2 28.R1a2 Rxa2
29.Rxa2 Rc7 30.c4 Kf5 31.h3 Rb7 32.Ra5+ e5 33.dxe5 dxe5 34.c5 Rd7+ 35.Kc4 Ke4
36.c6 Rc7 37.Kc5 Kxe3 38.Kd6 Rxc6+ 39.Kxc6 e4 40.Kd5 f5  1-0

[Event "Open A"]
[Site "Polanica Zdroj POL"]
[Date "2007.08.23"]
[Round "7"]
[White "Moranda,W"]
[Black "Socko,M"]
[Result "1-0"]
[WhiteElo "2492"]
[BlackElo "2479"]

1.d4 Nf6 2.c4 e6 3.Nf3 Bb4+ 4.Bd2 Qe7 5.g3 b6 6.Bg2 Bb7 7.O-O Bxd2 8.Qxd2 O-O
9.Nc3 d6 10.Qc2 Nbd7 11.e4 c5 12.d5 a6 13.a4 Rae8 14.Nd2 Ng4 15.h3 Nh6 16.f4 e5
17.f5 f6 18.a5 Rb8 19.axb6 Nxb6 20.Nd1 Na8 21.Nb3 Nc7 22.Na5 Ba8 23.Ne3 Rb6
24.Qc3 Rfb8 25.b3 Qe8 26.g4 Nf7 27.h4 Bb7 28.Ra3 h6 29.Bf3 Bc8 30.Rf2 Bd7
31.Rg2 Qe7 32.Qd2 Kh7 33.Bd1 Rg8 34.Nc2 g5 35.fxg6+ Rxg6 36.Ne3 Rb8 37.Nf5 Qf8
38.Qf2 Ne8 39.Ra2 Ng7 40.Qe3 h5 41.Nxg7 Rxg7 42.gxh5 Nh6 43.Nc6 Re8 44.Rg6 Rxg6+
45.hxg6+ Kg7 46.Rxa6 Ra8 47.Ra4 Qc8 48.h5 Qb7 49.Rxa8 Qxa8 50.Bf3 Qa1+ 51.Kg2 Qb2+
52.Qe2 Qc1 53.Nd8 Qg5+ 54.Kf1 Bh3+ 55.Ke1 Qc1+ 56.Kf2 f5 57.Ne6+ Kf6 58.Qe3 Qf1+
59.Kg3 f4+ 60.Nxf4 exf4+ 61.Qxf4+ Kg7 62.Qh4 Nf5+ 63.exf5 Bxf5 64.Qe7+ Kh6
65.Qe3+ Kg7 66.Kf4 Kf6 67.Qc3+  1-0

[Event "15th Open"]
[Site "Nikea GRE"]
[Date "2007.08.24"]
[Round "2"]
[White "Barbagiannis,P"]
[Black "Koerant,F"]
[Result "1/2-1/2"]
[WhiteElo "1944"]
[BlackElo "2163"]

1.Nf3 Nf6 2.c4 e6 3.d4 Bb4+ 4.Bd2 Qe7 5.a3 Bxd2+ 6.Nbxd2 d6 7.e3 O-O 8.Be2 a5
9.O-O a4 10.e4 e5 11.c5 dxc5 12.dxe5 Ng4 13.e6 Bxe6 14.h3 Nf6 15.e5 Nd5 16.Qc2 Nc6
17.Rac1 Nf4 18.Bb5 Na7 19.Qxa4 Nxb5 20.Qxf4 Rad8 21.Ne4 Nd4 22.Rfe1 Nxf3+
23.Qxf3 Bd5 24.Qg4 Bxe4 25.Qxe4 b6 26.Rcd1 h6 27.f4 Rxd1 28.Rxd1 Rd8 29.Rd5 Qh4
30.Rxd8+ Qxd8 31.Qf5 g6 32.Qe4 Qd1+ 33.Kh2 Qd2 34.e6 fxe6  1/2-1/2

[Event "15th Open"]
[Site "Nikea GRE"]
[Date "2007.08.26"]
[Round "5"]
[White "Banikas,H"]
[Black "Karagiannis,A"]
[Result "1-0"]
[WhiteElo "2567"]
[BlackElo "2349"]

1.d4 Nf6 2.c4 e6 3.Nf3 Bb4+ 4.Bd2 Bxd2+ 5.Qxd2 b6 6.g3 Bb7 7.Bg2 O-O 8.Nc3 d6
9.O-O Nbd7 10.Qc2 Qe7 11.Rad1 h6 12.e4 e5 13.Rfe1 Rfe8 14.Nd5 Nxd5 15.cxd5 Rec8
16.dxe5 dxe5 17.Bh3 c6 18.d6 Qe8 19.Bxd7 Qxd7 20.Nxe5 Qe6 21.f4 c5 22.Qc4 Qf6
23.Rd2 h5 24.h4 Rd8 25.Red1 b5 26.Qxb5 Bxe4 27.Qxc5 Qf5 28.Qf2 f6 29.Nc4 Rac8
30.b3 Ba8 31.Kh2 Rd7 32.Re1 Kh7 33.Qe2 Qb5 34.Qd3+ Kh8 35.Qg6 Bc6 36.Rde2 Rdd8
37.Re7 Rg8 38.R1e5  1-0

[Event "XIX Open"]
[Site "Porto San Giorgio ITA"]
[Date "2007.08.27"]
[Round "7"]
[White "Jovanic,O"]
[Black "Zaja,I"]
[Result "1/2-1/2"]
[WhiteElo "2491"]
[BlackElo "2464"]

1.d4 Nf6 2.c4 e6 3.Nf3 Bb4+ 4.Bd2 c5 5.Bxb4 cxb4 6.e3 O-O 7.Be2 d6 8.a3 bxa3
9.Rxa3 Nc6 10.Nc3 Bd7 11.O-O Re8 12.Qb1 Nb4 13.Rd1 a5 14.h3 b6 15.Nh2 Qe7
16.Nf1 e5 17.Ng3 g6 18.Na2 Nxa2 19.Rxa2 Bc6 20.b4 Qc7 21.Qb2 h5 22.Rda1 h4
23.Nf1 axb4 24.d5 Rxa2 25.Rxa2 Bd7 26.Qxb4 Ne4 27.Rb2 Rb8 28.Bd3 Nc5 29.Bc2 Qd8
30.Nd2 Qf6 31.Qa3 Qd8 32.Ne4 Nxe4 33.Bxe4 Qc7 34.Bd3 Kg7 35.Rb1 Be8 36.Kh1 Qe7
37.Qb2 Qf6 38.Ra1 Qe7 39.Ra6 Qc7 40.Qa3 Qd8 41.Kg1 Rb7 42.Qb2 Qc7 43.Qa3 Bd7
44.Kh2 Bc8 45.Qb4 Rb8 46.Ra2 Qc5 47.Qb1 Rb7 48.Rb2 Bd7 49.Rb4 Rb8 50.Qb2 Kg8
51.Be2 Kg7 52.Bd1 Bf5 53.Be2 Bd7 54.Rb3 Kg8 55.Bf1 Kg7 56.Qa1 Rb7 57.Qb2  1/2-1/2

[Event "1st Serbian League Men"]
[Site "Zlatibor SRB"]
[Date "2007.08.28"]
[Round "7"]
[White "Halkias,S"]
[Black "Markus,Rob"]
[Result "1-0"]
[WhiteElo "2580"]
[BlackElo "2586"]

1.d4 Nf6 2.c4 e6 3.Nf3 Bb4+ 4.Bd2 a5 5.g3 O-O 6.Bg2 d5 7.a3 Be7 8.Qc2 c6
9.O-O Nbd7 10.cxd5 exd5 11.Nc3 Re8 12.Bf4 Nf8 13.Rfe1 Bg4 14.Qb3 Ne6 15.e3 Nxf4
16.gxf4 Bxf3 17.Bxf3 Qd7 18.Qd1 Rad8 19.Kh1 Bf8 20.Rg1 Kh8 21.Rg5 Qh3 22.Rg3 Qf5
23.Rc1 Rd6 24.Qf1 Nd7 25.Rg5 Qf6 26.Qh3 g6 27.Rcg1 Qg7 28.Ne2 Qh6 29.Qg2 Be7
30.Rg3 f5 31.Nc1 Qf8 32.Qh3 Qf7 33.Nd3 Bf8 34.Bd1 Bg7 35.Bb3 Nb6 36.Ne5 Bxe5
37.fxe5 Rde6 38.f4 Nc4 39.Qg2 Qe7 40.Ba2 Rf8 41.Bb1 b5 42.Bd3 b4 43.axb4 Qxb4
44.Qh3 Qe7 45.Bxc4 dxc4 46.Rxg6 Rxg6 47.Rxg6 c3 48.bxc3 a4 49.Rg1 Qe6 50.e4 a3
51.c4 Qe7 52.exf5 a2 53.f6 Qa7 54.Qg2 Rb8 55.f7 Qxf7 56.Qxa2 Qxf4 57.Qg2  1-0

[Event "ch-ISL"]
[Site "Reykjavik ISL"]
[Date "2007.08.29"]
[Round "2"]
[White "Gretarsson,Hj"]
[Black "Ptacnikova,L"]
[Result "1/2-1/2"]
[WhiteElo "2168"]
[BlackElo "2239"]

1.d4 Nf6 2.c4 e6 3.Nf3 Bb4+ 4.Bd2 c5 5.Bxb4 cxb4 6.Nbd2 O-O 7.e3 d6 8.Bd3 Qe7
9.O-O Nc6 10.Re1 e5 11.d5 Nb8 12.Bb1 a5 13.Nf1 Na6 14.a3 b6 15.N3d2 Bd7 16.e4 g6
17.Bc2 Nh5 18.g3 Ng7 19.Ne3 Rac8 20.Ba4 Qe8 21.Bxd7 Qxd7 22.f4 exf4 23.gxf4 Rce8
24.Ng4 f5 25.Nh6+ Kh8 26.e5 dxe5 27.fxe5 Qc7 28.e6 bxa3 29.Rxa3 Nb4 30.Nf7+ Kg8
31.Rae3 b5 32.b3 Qc5 33.Kh1 a4 34.Nf3 bxc4 35.bxc4 Qxc4 36.Nh6+ Kh8 37.e7 Rf6
38.d6 Nc2 39.d7 Nxe1 40.dxe8=Q+ Nxe8 41.Rxe1 Qc6 42.Kg1 Kg7 43.Nd4 Qc3 44.Kf2 Kxh6
45.Qxa4 Rd6 46.Nf3 Qc6 47.Qf4+ Kg7 48.Qe5+ Rf6 49.Re2 Qd6 50.Qc3 Qc6 51.Qe1 h6
52.h4 Qc5+ 53.Kg2 Ra6 54.Qb1 Rf6 55.Qb2 Qb6 56.Qa1 Qd6 57.Qa8 Qa6 58.Qxa6 Rxa6
59.Ne5 Re6 60.Kf3 Rxe7 61.Nd3 Rxe2 62.Kxe2 Kf6 63.Kf3 Nd6 64.Nc5 g5 65.hxg5+ hxg5
66.Nd7+ Ke7 67.Nc5 Nf7 68.Nb3 Kf6 69.Nd4 Ne5+ 70.Ke3 g4 71.Kf4 Ng6+ 72.Kg3 Ke5
73.Ne2 Ke4 74.Nc3+ Kd4 75.Nd1 Ke5 76.Nf2 Kf6 77.Nxg4+ Kg5 78.Nf2 f4+ 79.Kh2 Kh4
80.Nh3 f3 81.Ng1  1/2-1/2

[Event "27th Open"]
[Site "Bratto ITA"]
[Date "2007.08.31"]
[Round "9"]
[White "Burmakin,V"]
[Black "Martinez,Ro"]
[Result "1-0"]
[WhiteElo "2581"]
[BlackElo "2430"]

1.d4 Nf6 2.c4 e6 3.Nf3 Bb4+ 4.Bd2 Qe7 5.g3 Nc6 6.Bg2 Bxd2+ 7.Nbxd2 d6 8.O-O O-O
9.e4 e5 10.d5 Nb8 11.b4 a5 12.a3 Na6 13.Ne1 Bg4 14.f3 Bd7 15.Nd3 c6 16.dxc6 bxc6
17.Qc2 d5 18.c5 h5 19.Rae1 dxe4 20.fxe4 axb4 21.axb4 Nh7 22.Nf3 Ng5 23.Qc3 Nh3+
24.Kh1 f6 25.Nh4 Qe8 26.Nb2 Nc7 27.Nc4 Nb5 28.Qe3 Nd4 29.Nd6 Qb8 30.Nhf5 Bxf5
31.Nxf5 Ng5 32.Nxd4 exd4 33.Qxd4 Nf7 34.e5 Nxe5 35.Bxc6 Ra7 36.b5 Kh8 37.b6 Ra2
38.Bd5 Rd8 39.Rf5 Nf7 40.Rxh5+ Kg8  1-0

[Event "FSIM September"]
[Site "Budapest HUN"]
[Date "2007.09.02"]
[Round "2"]
[White "Ismail,S"]
[Black "Gauri,S"]
[Result "0-1"]
[WhiteElo "2178"]
[BlackElo "2177"]

1.d4 Nf6 2.c4 e6 3.Nf3 Bb4+ 4.Bd2 Qe7 5.a3 Bxd2+ 6.Nbxd2 d6 7.e4 e5 8.d5 a5
9.b3 O-O 10.g3 Na6 11.Bg2 Bd7 12.O-O b5 13.Qc2 Rfb8 14.Rfb1 bxc4 15.Nxc4 Nc5
16.Nfd2 Bb5 17.Bf1 Bxc4 18.Bxc4 g6 19.Ra2 Qd7 20.f3 Kg7 21.b4 axb4 22.axb4 Rxa2
23.Qxa2 Na4 24.Qc2 Nb6 25.Ra1 Nxc4 26.Qxc4 Qb5 27.Qxb5 Rxb5 28.Rc1 Ne8 29.Rc4 Kf8
30.Kf2 Ke7 31.Nb3 Rb8 32.Na5 Kd7 33.f4 Nf6 34.Kf3 exf4 35.gxf4 h5 36.Rd4 Re8
37.h3 Kc8 38.Nc6 Nd7 39.Rd3 Kb7  0-1

[Event "Masters"]
[Site "Trieste ITA"]
[Date "2007.09.02"]
[Round "3"]
[White "Tratar,M"]
[Black "Hilmer,F"]
[Result "1-0"]
[WhiteElo "2491"]
[BlackElo "2221"]

1.d4 Nf6 2.Nf3 e6 3.c4 Bb4+ 4.Bd2 Qe7 5.g3 Nc6 6.Nc3 Bxc3 7.Bxc3 Ne4 8.Rc1 O-O
9.Bg2 d6 10.O-O Nxc3 11.Rxc3 e5 12.d5 Nb8 13.Nd2 Bg4 14.h3 Bh5 15.Re3 Nd7
16.f4 f5 17.Qb3 b6 18.Qc3 Rae8 19.b4 g5 20.Nb3 Qg7 21.fxe5 Nxe5 22.Nd4 f4
23.Re4 fxg3 24.Rxf8+ Rxf8 25.Qxg3 Qf6 26.Ne6 Rf7 27.Qxg5+ Qxg5 28.Nxg5 Rg7
29.Ne6 Rf7 30.c5 Bg6 31.Re3 Bf5 32.cxd6 cxd6 33.Rg3+ Kh8 34.Rc3 Bxe6 35.dxe6 Re7
36.Rc8+ Kg7 37.Bd5 Ng6 38.e3 Kf6 39.Kf2 Ke5 40.Bb3 Rg7 41.Ke2 Re7 42.Kd3 Nh4
43.Rf8 Ng6 44.Rd8 Nh4 45.Rd7 Ng6 46.Kc3 a6 47.a4 h5 48.a5 b5 49.Kd3 h4 50.Ke2 Re8
51.Ra7 Rc8 52.Kd2 Rf8 53.Bc2 Rf2+ 54.Kc3 Rf6 55.e7  1-0

[Event "Masters"]
[Site "Trieste ITA"]
[Date "2007.09.04"]
[Round "5"]
[White "Komarov,D"]
[Black "Drazic,S"]
[Result "1/2-1/2"]
[WhiteElo "2550"]
[BlackElo "2480"]

1.d4 Nf6 2.Nf3 e6 3.c4 Bb4+ 4.Bd2 c5 5.Bxb4 cxb4 6.g3 b6 7.Bg2 Bb7 8.O-O a5
9.Nbd2 d6 10.Ne1 Bxg2 11.Nxg2 O-O 12.Ne3 Qc7 13.Rc1 Na6 14.Qc2 Qb7 15.Qd3 Rac8
16.a3 Rfd8 17.Nc2 bxa3 18.bxa3 e5 19.Ne3 Nc7 20.Nf5  1/2-1/2